Célébrités par skin Fortnite à partir de 2024 - Statistiques

Statistiques générales
  • Ce quiz a été pris 39 fois
  • Le résultat moyen est 10 sur 30
Statistiques - réponses
Par images Hint Réponse % Correct
Footballeur Lionel Messi
89%
Musiciens Daft Punk
83%
Fashion Kim Kardashian
83%
Chanteuse Billie Eilish
69%
Streamer IShowSpeed
69%
Chanteuse Lady Gaga
69%
Chanteuse Sabrina Carpenter
64%
Rappeuse Ice Spice
61%
Rappeur Juice WRLD
58%
Rappeur Snoop Dogg
53%
Footballeur Heung-min Son
39%
Streamer Kai Cenat
36%
Chanteuse Doja Cat
31%
Rappeur Playboi Carti
28%
Groupe de Rock Metallica
25%
Rappeur Tyler, The Creator
25%
Chanteuse Hatsune Miku
22%
Streamer Nick Eh 30
22%
Chanteuse LISA
19%
Basketteur Shaquille O'Neal
19%
Streamer Clix
17%
Chanteuse Mariah Carey
17%
Chanteuse Chappell Roan
14%
Chanteuse Karol G
11%
DJ deadmau5
8%
Streamer Rubius
8%
Youtubeuse IA Kizuna AI
3%
Streamer/Joueur Pro MrSavage
3%
Streamer CouRage
0%
Joueur de baseball Shohei Ohtani
0%
Aucun quiz correspondant
Distribution des résultats
% des personnes avec chaque résultat
Percentile par nombre de réponses
Votre historique - résultats
Vous n’avez pas pris ce quiz